header

Atlas accompanying the Original journals of the Lewis & Clark expedition 1804-1806. (Record no. 27021)

MARC details
000 -LEADER
fixed length control field 01097nam a2200265Ia 4500
100 1# - MAIN ENTRY--AUTHOR NAME
Personal name Thwaites, Reuben Gold,
245 10 - TITLE STATEMENT
Title Atlas accompanying the Original journals of the Lewis & Clark expedition 1804-1806.
260 ## - PUBLICATION, DISTRIBUTION, ETC. (IMPRINT)
Place of publication Scituate, MA :
Name of publisher Digital Scanning, Inc.,
Year of publication 2001, 1975.
300 ## - PHYSICAL DESCRIPTION
Number of Pages xvi, 80 p. :
Other physical details maps.
650 #0 - SUBJECT ADDED ENTRY--TOPICAL TERM
Topical Term Maps
856 40 - ELECTRONIC LOCATION AND ACCESS
Uniform Resource Identifier http://site.ebrary.com/lib/rucke/Doc?id=10015063

No items available.

© 2026 Rongo University
Contact us: librarian | system librarian | Rongo university